Hauptstädte der Bundesländer - Sudden Death - Statistiken

Allgemein
  • Dieses Quiz wurde 1.099 mal gespielt
  • Das Durchschnittsergebnis liegt bei 12 aus 16
Answers on the Grid
Answers color-coded by a green-red scale on the quiz's grid according to % correct below.
München
Nürnberg
Stuttgart
Karlsruhe
Saarbrücken
Mainz
Kaiserslautern
Wiesbaden
Frankfurt
Erfurt
Gera
Dresden
Leipzig
Potsdam
Cottbus
Berlin
Magdeburg
Hannover
Braunschweig
Bremen
Düsseldorf
Köln
Dortmund
Hamburg
Kiel
Lübeck
Schwerin
Rostock
Halle
Flensburg
 
Antwortstatistiken
Antwort % Korrekt
Berlin
84%
Hamburg
81%
München
81%
Bremen
76%
Hannover
74%
Stuttgart
73%
Saarbrücken
72%
Erfurt
71%
Schwerin
71%
Potsdam
70%
Düsseldorf
69%
Kiel
68%
Wiesbaden
68%
Mainz
67%
Dresden
66%
Magdeburg
65%
Keine übereinstimmenden Quizze gefunden
Verteilung der Resultate
Anzahl Personen mit jedem Resultat
Perzentil nach korrekt beantworteten Fragen
Ihre Resultats-Entwicklung
Sie haben dieses Quiz noch nicht gespielt